000 00403nam a2200157 4500
001 111073
003 ES-MaACL
005 20230906185232.0
007 t|
008 061121s1969 sp r ||||1| spa d
100 1 _aNafria Esteban, A.
_984834
245 1 0 _aRitmo /
_cA. Nafria Esteban.
260 _aMadrid :
_bStudium,
_c1969.
300 _a128 p. ;
_c16 cm.
852 _aES-MaACL
_jC-53614
_bR.72319
999 _c111073
_d111073